000 01069nam a2200313 a 4500
001 52438
003 BD-RjUL
005 20211209075815.0
008 190220s1974 nyua b 101 0 eng
020 _a0306393077
035 _a(BD-RjUL)52558
040 _aDLC
_cDLC
_dDLC
_dBD-RjUL
_beng
041 _aeng
082 0 0 _223
_a616.0756
_bMET 1974
245 1 0 _aMethods in radioimmunoassay, toxicology, and related areas /
_cedited by Ivor L. Simmons and Galen W. Ewing.
260 _aNew York :
_bPlenum Press,
_c1974
300 _a183 p. :
_bill. ;
_c24 cm.
490 0 _aProgress in analytical chemistry ; v. 7
504 _aIncludes bibliographies and index.
650 0 _aClinical chemistry
_xCongresses.
_9228426
650 0 _aRadioimmunoassay
_xCongresses.
_9228427
650 0 _aToxicology
_xCongresses.
_9228428
700 1 _aSimmons, Ivor L.,
_9228434
700 1 _aEwing, Galen Wood,
_d1914-
_9228435
711 _aEastern Analytical Symposium,
_cAtlantic City,
_d1973.
_9228431
942 _2ddc
_cBK
999 _c52438
_d52438